| 000 | 02670nam0a2200385 4500 | ||
|---|---|---|---|
| 001 | RU\NLR\BIBL_A\012476187 | ||
| 005 | 20210518180341.0 | ||
| 010 |
_a978-5-94826-517-9 _960 |
||
| 021 |
_aRU _bКН-П-20-067440 _9КН-П-20-5069 |
||
| 021 |
_aRU _bКН-П-20-067440 _9КН-П-20-5811 |
||
| 035 | _a(NLR Aleph) 012476187 | ||
| 035 | _a(RuMoRGB)010463522 | ||
| 090 |
_a12105393 _c12105393 |
||
| 100 | _a20210316d2019 k y0rusy50 ca | ||
| 101 | 0 |
_arus _deng |
|
| 102 | _aRU | ||
| 105 | _aac||z|||000zy | ||
| 181 | 0 |
_ai _baxxe |
|
| 182 | 0 | _an | |
| 200 | 1 |
_aПереход на федеральные государственные образовательные стандарты высшего образования. Лучшие практики рыбохозяйственного образования _eVII Всероссийская межвузовская научно-методическая конференция: материалы (Казань, 3-5 окт. 2018) _eсборник научных работ _fФедеральное государственное бюджетное образовательное учреждение высшего образования "Калининградский государственный технический университет" _gсоставители: А. А. Недоступ - кандидат технических наук, Ю. К. Алдушина - кандидат биологических наук, доцент |
|
| 203 |
_aТекст _bвизуальный _cнепосредственный |
||
| 210 |
_aКалининград _cИзд-во ФГБОУ ВО "КГТУ" _d2019 |
||
| 215 |
_a66, [2] с. _cил., табл. _d21 |
||
| 300 | _aРез. англ. | ||
| 320 | _aБиблиогр. в конце ст. | ||
| 517 | 1 | _aЛучшие практики рыбохозяйственного образования | |
| 606 | 1 |
_aВысшее рыбохозяйственное образование _jСъезды, совещания и т.п. _xОбразовательные стандарты _xВнедрение _yРоссийская Федерация _92150420 _3RU\NLR\auth\661599815 |
|
| 686 | 1 | _aЧ488.885.12я431 | |
| 702 | 1 |
_aНедоступ _bА. А. _f1973- _gАлександр Алексеевич _4220 |
|
| 712 | 0 | 2 |
_4475 _aКалининградский государственный технический университет _9566517 _3RU\NLR\AUTH\8810034023 |
| 942 | _cBOOK | ||
| 980 | _aNB | ||